000 03048nam0a22005051 4500
001 v19\rc\1319895
005 20251118180018.1
035 _a(NLR Aleph) 004474774
090 _a4578195
_c4578195
100 _a20060512d1830 c y0rusy50 ca
101 1 _arus
_ceng
102 _aRU
135 _acrcn 024anaba
140 _ay y ad yaa0000
200 1 _aГимны, в пользу обучающихся детей.
_fТворение г-жи Гильберт.
_gПеревел с английскаго А. Огинский
210 _aС. Петербург
_cв типографии Главнаго управления путей сообщения
_d1830
215 _a[4], IV, 53, [1] с.
_d
300 _aКн. в изд. обл.
300 _aЦенз.: К. С. Сербинович, 18 марта 1830 г.
300 _aПер. кн.: Hymns for infant schools (London, 1827)
316 _aЭкз. РНБ (18.106.2.82) в изд. обл. На 1-й с. обл. ярлык с шифром РНБ, наклеенный поверх техн. помет (чернила). На 2-й с. обл. пустой ярлык, наклеенный поверх ярлыка со старым шифром. На тит. л. техн. помета (чернила), штамп ИПБ в венке с короной и круглый штамп ГПБ. На с.33 и 53 круглый штамп ГПБ. Размер: 18,0х12,2х1,0 см
_5NLR: 18.106.2.82
325 _aКопия доступна в Электрон. б-ке РНБ
454 0 _12001#$aHymns for infant schools
_1210##$aLondon$d1827
_1700#1$aGilbert$bA.$f1782-1866$gAnn
_tHymns for infant schools
_aGilbert, Ann (1782-1866)
620 _dСанкт-Петербург
700 1 _aГильберт
_bЭ.
_f1782-1866
_gЭнн
702 1 _aОгинский
_bА. Г.
_f1780-1848
_gАлексей Григорьевич
_4730
702 1 _aСербинович
_bК. С.
_f1796-1874
_gКонстантин Степанович
_4190
712 0 1 _4610
_aРоссия
_bГлавное управление путей сообщения
_bТипография
_9781328
_3RU\NLR\AUTH\880557122
801 0 _aRU
_bNLR
_gpsbo
801 0 _aRU
_bRuMoRGB
_2psbo
801 1 _aRU
_bProSoft-M
_2rusmarc
852 _aNLR
_j18.106.2.82
856 0 _uhttps://vivaldi.nlr.ru/bx000027888/view
856 1 _uhttps://vivaldi.nlr.ru/bx000027888/cover
856 2 _uhttps://vivaldi.nlr.ru/bx000027888/text
899 _aБАН
899 _aГПИБ
942 _cBOOK
980 _aNB
981 2 2 _a(22) Материалы по истории России
_b(22) Культура. Наука. Просвещение.
981 2 0 _a(20) Книжные памятники РНБ
_b(20) Русский книжный фонд